| 000 | 00599nam a2200205 a 4500 | ||
|---|---|---|---|
| 001 | 000023080 | ||
| 005 | 20200930021956.0 | ||
| 008 | 101126s1976 sp r 000 0 spa d | ||
| 020 | _a8473391422 | ||
| 040 |
_aDO-SdBNP _bspa _cBNPHU |
||
| 082 |
_aNNN _bH678ó |
||
| 100 | 1 |
_aHo, Chi Minh, _d1890-1969. _933172 |
|
| 245 | 1 | 0 |
_aObras escogidas / _cHo Chi Minh ; traducción Juana Bignozzi. |
| 260 |
_aMadrid, (España) : _bAkal, _c1976. |
||
| 300 |
_a153, [6] p. ; _c18 cm. |
||
| 490 | 1 |
_aAkal 74 _v49 |
|
| 700 | 1 |
_aBignozzi, Bignozzi. _etr. _947517 |
|
| 830 | 0 |
_aAkal 74 ; _v49 _934091 |
|
| 049 | _aBNGR | ||
| 999 |
_c22577 _d22577 |
||